000 00412nam a2200181Ia 4500
001 521
005 20260306140524.0
008 260306t2004||||xx |||||||||||||| ||spa||
041 _aESP
082 _a121.8
_bF85
100 _aFrondizi, Risieri
_eAUT
245 0 _a¿Qué son los valores?
260 _c2004
300 _a236 páginas :
_c17 cm.
650 _aGEN
654 _aCHU
942 _cLIB
_dJUS
_fJUS
_2ddc
_n
999 _c521
_d521